PJO, HdO und Magnus Chase Charaktere - Statistiken

Allgemein
  • Dieses Quiz wurde 21 mal gespielt
  • Das Durchschnittsergebnis liegt bei 25 aus 32
Antwortstatistiken
Bildquiz Antwort % Korrekt
Annabeth Chase
100%
Charles Beckendorf
100%
Grover Underwood
100%
Jason Grace
100%
Nico di Angelo
100%
Percy Jackson
100%
Piper McLean
100%
Rachel Elizabeth Dare
100%
Thalia Grace
100%
Clarisse la Rue
95%
Frank Zhang
95%
Hazel Levesque
95%
Leo Valdez
95%
Luke Castellan
95%
Will Solace
95%
Magnus Chase
90%
Tyson
90%
Reyna Avila Ramirez-Arellano
86%
Gleeson Hedge
81%
Springflut/ Ripride/ Anaklysmos/ Anaklysmos
81%
Alex Fierro
76%
Black Jack
71%
Ella
57%
Mrs. O'Leary
57%
Festus
52%
Samirah al-Abbas
48%
Jack/ Sumarbrander/ Schwert des Sommers
43%
Hearthstone "Hearth"
33%
Mallory Aubrey Keen
33%
Blitzen "Blitz"
29%
Thomas Jefferson Jr. "TJ"
29%
Halbgeboren Gunderson
24%
Keine übereinstimmenden Quizze gefunden
Verteilung der Resultate
Anzahl Personen mit jedem Resultat
Perzentil nach korrekt beantworteten Fragen
Ihre Resultats-Entwicklung
Sie haben dieses Quiz noch nicht gespielt